|
|
|
|
| LEADER |
00000naa2a2200000 4500 |
| 001 |
161752 |
| 005 |
20231031160020.0 |
| 035 |
|
|
|a (RuTPU)RU\TPU\book\175406
|
| 090 |
|
|
|a 161752
|
| 100 |
|
|
|a 20090613d2008 k y0rusy50 ca
|
| 101 |
0 |
|
|a rus
|
| 102 |
|
|
|a RU
|
| 200 |
1 |
|
|a Зачем развитие CALS-технологий в России и за рубежом
|f Г. О. Тащиян
|
| 320 |
|
|
|a Библиогр.: 1 назв.
|
| 463 |
|
0 |
|0 (RuTPU)RU\TPU\book\164827
|t Инновационные технологии и экономика в машиностроении
|o труды VI Всероссийской научно-практической конференции с международным участием, 15-16 мая 2008 года, Юрга
|f Томский политехнический университет (ТПУ), Юргинский технологический институт (ЮТИ)
|v С. 295-299
|d 2008
|p 479 с.
|
| 610 |
1 |
|
|a информационные технологии
|
| 610 |
1 |
|
|a автономные информационные системы
|
| 610 |
1 |
|
|a интегрированная информационная среда
|
| 610 |
1 |
|
|a CALS
|
| 610 |
1 |
|
|a информационная интеграция
|
| 610 |
1 |
|
|a жизненный цикл продукции
|
| 610 |
1 |
|
|a труды учёных ТПУ
|
| 700 |
|
1 |
|a Тащиян
|b Г. О.
|c доцент, кандтдат технических наук
|c Юргинский технологический институт (филиал) Томского политехнического университета
|f 1974-
|g Григорий Олегович
|2 stltpush
|3 (RuTPU)RU\TPU\pers\24270
|
| 801 |
|
1 |
|a RU
|b 63413507
|c 20090613
|g PSBO
|
| 801 |
|
2 |
|a RU
|b 63413507
|c 20090613
|g PSBO
|
| 942 |
|
|
|c BK
|